Statistical methods in health disparity research / J. Sunil Rao. (Record no. 22268)

000 -LEADER
fixed length control field 00583nam a2200169 4500
020 ## - INTERNATIONAL STANDARD BOOK NUMBER
ISBN 9780367635169
082 ## - DEWEY DECIMAL CLASSIFICATION NUMBER
Classification number 362.10723
Item number Su958 2023
100 ## - MAIN ENTRY--AUTHOR NAME
Personal name Rao, J. Sunil, author.
245 ## - TITLE STATEMENT
Title Statistical methods in health disparity research / J. Sunil Rao.
250 ## - EDITION STATEMENT
Edition statement 1st Edition.
260 ## - PUBLICATION, DISTRIBUTION, ETC. (IMPRINT)
Place of publication Boca Raton :
Name of publisher CRC Press,
Year of publication 2023.
300 ## - PHYSICAL DESCRIPTION
Number of Pages 1 online resource, 298 pages :
Other physical details illustrations (color).
490 ## - SERIES STATEMENT
Series statement Chapman and Hall/CRC Biostatistics Series
500 ## - GENERAL NOTE
General note Includes bibliographical references and index.
650 ## - SUBJECT ADDED ENTRY--TOPICAL TERM
Topical Term Health surveys -- Methodology.
942 ## - ADDED ENTRY ELEMENTS (KOHA)
Koha item type Electronic Books
Holdings
Source of acquisition Permanent Location Date acquired Collection code Koha item type Lost status Shelving location Withdrawn status Current Location Full call number
DonationsCagayan State University - Carig Library2026-04-15E-BooksElectronic Books E-Resource Section Cagayan State University - Carig Library362.10723 Su958 2023

Cagayan State University University Library, Carig Campus
Tuguegarao City, Cagayan 3500 | www.csucarig.edu.ph

Powered by Koha